[Event "Mittelrhein Verbandsliga Nord 1920"]
[Site "Mittelrhein"]
[Date "2019.11.17"]
[Round "3.3"]
[White "Esser, Michael"]
[Black "Wirtz, Uwe"]
[Result "1-0"]
[WhiteElo "2032"]
[BlackElo "1854"]
[PlyCount "125"]
[EventDate "2019.09.29"]
[EventType "team-tourn"]
[EventRounds "9"]
[EventCountry "GER"]
[SourceTitle "EXT 2023"]
[Source "ChessBase"]
[SourceDate "2022.10.05"]
[SourceVersion "1"]
[SourceVersionDate "2022.10.05"]
[SourceQuality "1"]
[WhiteTeam "Bayer Leverkusen"]
[BlackTeam "Leverkusen Koenigsspringer"]
[WhiteTeamCountry "GER"]
[BlackTeamCountry "GER"]

1. e4 Nf6 2. e5 Nd5 3. d4 d6 4. Nf3 Bg4 5. Be2 e6 6. 0-0 Be7 7. c4 Nb6 8. exd6 cxd6 9. Nc3 0-0 10. Be3 N8d7 11. b3 Nf6 12. Qd2 Rc8 13. Rfd1 Nbd7 14. d5 b6 15. dxe6 Bxe6 16. Ng5 a6 17. Bf4 Ne5 18. Nxe6 fxe6 19. Qe3 Qc7 20. Qh3 Kf7 21. Bxe5 dxe5 22. Bf3 Bc5 23. Ne4 Nxe4 24. Bxe4 Rh8 25. Rd3 Rcf8 26. Rad1 Bd4 27. Rf3+ Ke7 28. Rdd3 Qc5 29. Qh4+ Rf6 30. Bxh7 b5 31. Rxf6 gxf6 32. Rf3 Rf8 33. Bd3 Qa3 34. cxb5 Qc1+ 35. Bf1 axb5 36. a4 bxa4 37. bxa4 Qc2 38. a5 Rf7 39. a6 Qa4 40. Qg3 Rh7 41. Qg6 Rf7 42. Qb1 Qd7 43. Rb3 Qc6 44. Rb7+ Kf8 45. Rxf7+ Kxf7 46. Qh7+ Kf8 47. a7 Bxf2+ 48. Kxf2 Qc5+ 49. Ke2 Qc4+ 50. Qd3 Qa2+ 51. Kf3 Qxa7 52. Qe3 Qb7+ 53. Kf2 Qb2+ 54. Kg1 Qa1 55. h3 Ke7 56. Qf2 Qc1 57. Kh2 Qg5 58. Bc4 f5 59. Qc5+ Kf6 60. Qf8+ Kg6 61. Qg8+ Kh5 62. Qh8+ Kg6 63. Qxe5 1-0

[Event "Mittelrhein Verbandsliga Nord 1920"]
[Site "Mittelrhein"]
[Date "2019.10.27"]
[Round "2.4"]
[White "Breske, Patrick"]
[Black "Wirtz, Uwe"]
[Result "1-0"]
[WhiteElo "1881"]
[BlackElo "1854"]
[PlyCount "69"]
[EventDate "2019.09.29"]
[EventType "team-tourn"]
[EventRounds "9"]
[EventCountry "GER"]
[SourceTitle "EXT 2023"]
[Source "ChessBase"]
[SourceDate "2022.10.05"]
[SourceVersion "1"]
[SourceVersionDate "2022.10.05"]
[SourceQuality "1"]
[WhiteTeam "Brauweiler Rochade"]
[BlackTeam "Leverkusen Koenigsspringer"]
[WhiteTeamCountry "GER"]
[BlackTeamCountry "GER"]

1. d4 d5 2. Bf4 e6 3. Nf3 Bd6 4. e3 Bxf4 5. exf4 Ne7 6. Bd3 0-0 7. Bxh7+ Kh8 8. Bd3 g6 9. h4 Kg7 10. Nbd2 Rh8 11. Qe2 Nbc6 12. 0-0-0 Nb4 13. Kb1 Nxd3 14. Qxd3 Bd7 15. g4 Rc8 16. Rdg1 b6 17. h5 c5 18. hxg6 Rxh1 19. Rxh1 fxg6 20. Ng5 Qg8 21. Qe3 Nc6 22. Rh7+ Qxh7 23. Nxh7 cxd4 24. Qg3 Rh8 25. a3 Rxh7 26. f5 e5 27. fxg6 Kxg6 28. Nf3 Re7 29. Qh4 e4 30. Qg5+ Kh7 31. Nxd4 Re5 32. Qf6 e3 33. Nxc6 Re6 34. Qf5+ Kg7 35. fxe3 1-0

[Event "Mittelrhein Verbandsliga Nord 1920"]
[Site "Mittelrhein"]
[Date "2019.09.29"]
[Round "1.4"]
[White "Wirtz, Uwe"]
[Black "Baldus, Alexander"]
[Result "1/2-1/2"]
[WhiteElo "1854"]
[BlackElo "1855"]
[PlyCount "129"]
[EventDate "2019.09.29"]
[EventType "team-tourn"]
[EventRounds "9"]
[EventCountry "GER"]
[SourceTitle "EXT 2023"]
[Source "ChessBase"]
[SourceDate "2022.10.05"]
[SourceVersion "1"]
[SourceVersionDate "2022.10.05"]
[SourceQuality "1"]
[WhiteTeam "Leverkusen Koenigsspringer"]
[BlackTeam "Pulheim"]
[WhiteTeamCountry "GER"]
[BlackTeamCountry "GER"]

1. e4 c5 2. c3 Nf6 3. e5 Nd5 4. d4 cxd4 5. cxd4 Nc6 6. Nc3 Nxc3 7. bxc3 d6 8. exd6 Qxd6 9. Nf3 Bg4 10. Be2 e6 11. 0-0 Be7 12. h3 Bh5 13. Bb2 0-0 14. Re1 Rac8 15. a4 Na5 16. Nd2 Bxe2 17. Qxe2 Qd5 18. Qb5 Rfd8 19. Re5 Qxb5 20. axb5 b6 21. Re2 Rd7 22. Rb1 h6 23. Ba1 Rcc7 24. Nf3 Rd5 25. Nd2 Bg5 26. Nf3 Nc4 27. Rb3 Be7 28. Ra2 Nd6 29. Rab2 Nc4 30. Ra2 Nd6 31. Rab2 Rc4 32. Ne5 Ra4 33. Rb1 Rxb5 34. Rxb5 Nxb5 35. Nc6 Bf6 36. Rxb5 Rxa1+ 37. Kh2 Ra3 38. c4 Rc3 39. c5 bxc5 40. dxc5 a6 41. Ra5 Rc2 42. Kg3 Bc3 43. Rxa6 Be1 44. Ne7+ Kf8 45. Nc6 Ke8 46. Ra8+ Kd7 47. Ne5+ Ke7 48. Ng4 f5 49. Ra7+ Kd8 50. Ra1 Bc3 51. Ra8+ Kd7 52. Ra7+ Kc8 53. Ne3 f4+ 54. Kxf4 Rxf2+ 55. Kg3 Rd2 56. Re7 Bd4 57. Rxe6 Rd3 58. Kf3 Rc3 59. Ke2 Rxc5 60. Re4 Bf6 61. Rc4 Rxc4 62. Nxc4 Kd7 63. Kf3 Ke6 64. Ke4 Bc3 65. Ne3 1/2-1/2

[Event "Mittelrhein Verbandsliga-N 17/18"]
[Site "Nordrheinwestfalen"]
[Date "2018.02.25"]
[Round "8.3"]
[White "Wirtz, Uwe"]
[Black "Hoerchens, Joern"]
[Result "1/2-1/2"]
[WhiteElo "1861"]
[BlackElo "1826"]
[PlyCount "59"]
[EventDate "2017.09.10"]
[EventType "team-swiss"]
[EventRounds "11"]
[EventCountry "GER"]
[SourceTitle "EXT 2022"]
[Source "ChessBase"]
[SourceDate "2021.10.06"]
[SourceVersion "1"]
[SourceVersionDate "2021.10.06"]
[SourceQuality "1"]
[WhiteTeam "Leverkusen Koenigsspringer"]
[BlackTeam "Dormagen SV"]
[WhiteTeamCountry "GER"]
[BlackTeamCountry "GER"]

1. e4 d6 2. d4 Nf6 3. Nc3 g6 4. Nf3 Bg7 5. Be2 0-0 6. 0-0 Nbd7 7. Bg5 c6 8. Re1 e5 9. dxe5 dxe5 10. Qd2 Qc7 11. Rad1 Nc5 12. Bc4 Be6 13. Bxe6 Nxe6 14. Bxf6 Bxf6 15. Ne2 Rad8 16. Qe3 b6 17. c3 Rd7 18. Rd2 Rxd2 19. Qxd2 Rd8 20. Qc2 Qd6 21. g3 Nc5 22. Nc1 a5 23. Kg2 a4 24. b4 axb3 25. axb3 Kg7 26. b4 Ne6 27. Re2 Bg5 28. Nxg5 Nxg5 29. h4 Ne6 30. Nb3 1/2-1/2

[Event "Leverkusen Bayer op 10th"]
[Site "Leverkusen"]
[Date "2012.02.22"]
[Round "4"]
[White "Wirtz, Uwe"]
[Black "Sockel, Karl Heinz"]
[Result "1/2-1/2"]
[WhiteElo "1780"]
[BlackElo "1947"]
[PlyCount "40"]
[EventDate "2012.01.11"]
[EventType "swiss"]
[EventRounds "7"]
[EventCountry "GER"]
[SourceTitle "EXT 2014"]
[Source "ChessBase"]
[SourceDate "2013.11.20"]
[SourceVersion "1"]
[SourceVersionDate "2013.11.20"]
[SourceQuality "1"]

1. e4 c6 2. d4 d6 3. Nf3 Qc7 4. Be3 Bg4 5. Be2 e5 6. dxe5 dxe5 7. h3 Bh5 8. 0-0 Nf6 9. Nbd2 Be7 10. c3 0-0 11. Qc2 Nbd7 12. Rfe1 Rad8 13. Rad1 Bc5 14. Bxc5 Nxc5 15. b4 Ne6 16. Nc4 Bxf3 17. Bxf3 b5 18. Ne3 Ng5 19. c4 Nxf3+ 20. gxf3 Rxd1 1/2-1/2

[Event "Leverkusen Bayer op 10th"]
[Site "Leverkusen"]
[Date "2012.01.25"]
[Round "2"]
[White "Wirtz, Uwe"]
[Black "Auer, Martin"]
[Result "0-1"]
[WhiteElo "1780"]
[BlackElo "2214"]
[PlyCount "100"]
[EventDate "2012.01.11"]
[EventType "swiss"]
[EventRounds "7"]
[EventCountry "GER"]
[SourceTitle "EXT 2014"]
[Source "ChessBase"]
[SourceDate "2013.11.20"]
[SourceVersion "1"]
[SourceVersionDate "2013.11.20"]
[SourceQuality "1"]

1. e4 d6 2. d4 Nf6 3. Nc3 g6 4. Nf3 Bg7 5. Be2 0-0 6. 0-0 e6 7. Bg5 h6 8. Be3 Nc6 9. h3 b6 10. Qd2 Kh7 11. Rad1 Ne7 12. Nh2 Bb7 13. Bf3 Nd7 14. Rfe1 a6 15. Ng4 Ng8 16. Nh2 Qe8 17. a3 Rd8 18. b4 b5 19. Be2 f5 20. f3 Qf7 21. Bd3 Ne7 22. Ne2 Nf6 23. exf5 exf5 24. Nf4 g5 25. Ne2 Nfd5 26. Bf2 Kh8 27. f4 gxf4 28. Nxf4 Nxf4 29. Qxf4 Nd5 30. Qd2 Qg6 31. Bf1 Nf6 32. Re7 Ne4 33. Qe3 Rf7 34. Rxf7 Qxf7 35. Nf3 f4 36. Qb3 Bd5 37. Qb2 Re8 38. c3 c5 39. Re1 Nxf2 40. Rxe8+ Qxe8 41. Qxf2 cxd4 42. Nxd4 Qe4 43. Be2 Qb1+ 44. Kh2 Qb2 45. Nf5 Be5 46. Qh4 f3+ 47. Kg1 Qc1+ 48. Bf1 fxg2 49. Qd8+ Bg8 50. Kxg2 Qc2+ 0-1

[Event "Leverkusen Bayer op 9th"]
[Site "Leverkusen"]
[Date "2011.03.14"]
[Round "5"]
[White "Wegener, Marcus"]
[Black "Wirtz, Uwe"]
[Result "1-0"]
[WhiteElo "2025"]
[BlackElo "1843"]
[PlyCount "45"]
[EventDate "2011.01.10"]
[EventType "swiss"]
[EventRounds "7"]
[EventCountry "GER"]
[SourceTitle "EXT 2012"]
[Source "ChessBase"]
[SourceDate "2011.11.24"]
[SourceVersion "1"]
[SourceVersionDate "2011.11.24"]
[SourceQuality "1"]

1. e4 Nf6 2. Nc3 d5 3. e5 Ne4 4. Nce2 d4 5. c3 dxc3 6. Qa4+ Nd7 7. Nxc3 Nxc3 8. dxc3 e6 9. Nf3 c6 10. Be2 Qc7 11. Bf4 Nb6 12. Qc2 h6 13. Bg3 Bd7 14. Nd2 0-0-0 15. a4 c5 16. Ne4 Bc6 17. a5 Nd5 18. 0-0 Be7 19. Nd6+ Bxd6 20. exd6 Qd7 21. b4 cxb4 22. cxb4 Nxb4 23. Qc5 1-0

[Event "Leverkusen-ch op"]
[Site "Leverkusen"]
[Date "2010.04.12"]
[Round "6"]
[White "Wirtz, Uwe"]
[Black "Balduan, Karl Heinz"]
[Result "1-0"]
[WhiteElo "1821"]
[BlackElo "1490"]
[PlyCount "33"]
[EventDate "2010.01.18"]
[EventType "swiss"]
[EventRounds "7"]
[EventCountry "GER"]
[SourceTitle "EXT 2011"]
[Source "ChessBase"]
[SourceDate "2010.11.26"]
[SourceVersion "1"]
[SourceVersionDate "2010.11.26"]
[SourceQuality "1"]

1. e4 e5 2. f4 Bc5 3. Nf3 exf4 4. d4 Be7 5. Bxf4 h6 6. Nc3 g5 7. Bg3 c6 8. Bc4 d6 9. 0-0 Be6 10. d5 Bg4 11. dxc6 Bxf3 12. Qxf3 Nxc6 13. Qxf7+ Kd7 14. Rad1 Qb6+ 15. Kh1 Nd8 16. Qf5+ Kc7 17. Nd5+ 1-0

[Event "Leverkusen-ch op"]
[Site "Leverkusen"]
[Date "2009.01.12"]
[Round "1"]
[White "Wirtz, Uwe"]
[Black "Rotstein, Jefim"]
[Result "0-1"]
[WhiteElo "1773"]
[BlackElo "2279"]
[PlyCount "172"]
[EventDate "2009.01.12"]
[EventType "swiss"]
[EventRounds "7"]
[EventCountry "GER"]
[SourceTitle "EXT 2010"]
[Source "ChessBase"]
[SourceDate "2010.11.25"]
[SourceVersion "1"]
[SourceVersionDate "2010.11.25"]
[SourceQuality "1"]

1. e4 c5 2. c3 Nf6 3. e5 Nd5 4. d4 cxd4 5. cxd4 e6 6. Nf3 d6 7. Bc4 Nb6 8. Bb3 dxe5 9. dxe5 Qxd1+ 10. Bxd1 Bd7 11. 0-0 Nc6 12. a3 h6 13. Nc3 g5 14. h3 Bg7 15. Re1 Nc4 16. Nb5 0-0 17. Nd6 Nxd6 18. exd6 Rfd8 19. Be2 Be8 20. Rd1 Bf8 21. h4 f6 22. hxg5 hxg5 23. Bc4 Bf7 24. d7 g4 25. Nh2 Ne5 26. Be2 g3 27. fxg3 Bc5+ 28. Kf1 Nxd7 29. Ng4 Kg7 30. b4 Bb6 31. Bh6+ Kg6 32. Bd3+ f5 33. Bf4 Bd4 34. Bxf5+ exf5 35. Rxd4 fxg4 36. Bc7 Rh8 37. Rxg4+ Kf5 38. Rf4+ Kg6 39. Rg4+ Kf6 40. Rf4+ Kg7 41. Rg4+ Bg6 42. Kg1 Rae8 43. Rc1 Nf6 44. Rd4 Re2 45. Bf4 Be4 46. Rd2 Rxd2 47. Bxd2 Rd8 48. Rc7+ Kg6 49. Bc3 Bc6 50. Bxf6 Kxf6 51. a4 Rd2 52. b5 Bxg2 53. a5 Be4 54. a6 bxa6 55. bxa6 Kf5 56. Rxa7 Kg4 57. Rg7+ Kf3 58. Rf7+ Ke3 59. a7 Rg2+ 60. Kf1 Rh2 61. Ke1 Ra2 62. Rd7 Ra1+ 63. Rd1 Rxa7 64. Rd8 Ra2 65. g4 Rg2 66. Rf8 Bf3 67. Re8+ Kf4 68. g5 Be4 69. Rf8+ Ke3 70. Rf6 Rxg5 71. Rf8 Rb5 72. Rd8 Rb2 73. Rd6 Rb8 74. Rd7 Rf8 75. Re7 Rh8 76. Rf7 Rh6 77. Rf8 Bc6 78. Kd1 Rh2 79. Kc1 Be4 80. Rd8 Rc2+ 81. Kd1 Rb2 82. Ke1 Rb7 83. Rd6 Bf5 84. Rd8 Bd7 85. Kd1 Rc7 86. Rf8 Ba4+ 0-1